Integrándonos: según las leyes de la Naturaleza

Saved in:
Bibliographic Details
Main Author: Laitman, Michael (Author)
Format: Book
Language:Spanish
Published: Toronto ARI Publishers 2014
Edition:1a. ed
Subjects:
Tags: Add Tag
No Tags, Be the first to tag this record!

MARC

LEADER 00000cam a2200000 a 4500
001 UCE8542
003 CL-VaPUC
008 150813e20140000cn |||||||||||||||||spa|d
082 0 4 |a 152.41  |b LAI  |2 21 
100 |a Laitman, Michael  |e author  |9 581292 
245 1 0 |a Integrándonos: según las leyes de la Naturaleza 
250 |a 1a. ed 
300 |a 289 p 
942 |c BK 
945 |d 20150813 15:56:00  |a dcastane 
260 |a Toronto  |b ARI Publishers  |c 2014 
650 0 |a Conducta humana   |9 269906 
650 0 |a Naturaleza humana   |9 308593 
650 0 |a Antropología   |9 233030 
650 0 |a Psicología social   |9 222894 
583 |a last modification  |c 20150813 15:56:00  |k Rodrigo Vera 
999 |c 360370  |d 360368 
952 |0 0  |1 0  |3 erb  |4 0  |6 152_410000000000000_LAI_2014  |7 0  |8 A  |9 470117  |a BIBAGR  |b BIBAGR  |i 5194024  |o 152.41 LAI 2014  |p 5194024  |r 2025-01-20  |w 2019-11-23  |y BK  |z Catalogado en:20150813  |k AGR